000 01994cam a22004334i 4500
003 PE-LiUPU
005 20250731173050.0
008 180108s2015 xxua r0 000 0 eng d
020 _a9780802872210
035 _a(Sirsi) a240886
040 _aPE-LiUPU
_bspa
_cPE-LiUPU
_erda
049 _aPRUA
082 0 4 _a220.6
_bB84
_223
100 1 _aBrown, William P.,
_eautor.
245 1 0 _aSacred sense :
_bdiscovering the wonder of God's word and world /
_cWilliam P. Brown.
264 1 _aMichigan :
_bEerdmans Publishing Company;
_c2015
300 _a171 páginas :
_bilustraciones ;
_c23 centímetros
336 _atext
_2rdacontent
337 _aunmediated
_2rdamedia
338 _avolume
_2rdacarrier
505 0 _aPreface and Acknowledgements; Introduction: Wonder's Wonder -- Cosmic Wonder: Genesis 1:1-2:3; -- Grounded Wonder: Genesis 2:4b-3:24; 3. -- Covenantal Wonder: Genesis 6-9 -- Woeful Wonder: Exodus 19-20 -- Playful Wonder: Proverbs 8:22-31 -- Manifold Wonder: Psalm 104 -- Wounded Wonder: Job 38-42 -- Mundane Wonder: Ecclesiastes -- Erotic Wonder: Song of Songs -- Prophetic Wonder: Isaiah 43:15-21 and Amos 5:21-24 -- Incarnational Wonder: John 1:1-18 -- Christ and Cosmic Wonder: Colossians 1:15-20 -- Terrifying Wonder: Mark 16:1-8 -- Resurrection Wonder: John 20:1-18 -- Communion Wonder: Luke 24:13-32 -- Consummated Wonder: Revelation 21-22.
526 _aSEG42
526 _aSEG41
526 _aSEG40
526 _aSEG39
526 _aP94
526 _aP87
526 _aP86
526 _aP85
526 _aP77
526 _aP76
526 _aP35
630 _aBiblia.
_xCrítica, interpretación, etc.
910 _adbm
_bksl
_cksl
_d20180108
596 _a1
942 _2ddc
_cBOOK
999 _a220.6 B84
_wLC
_c26581
_i77930
_f2021-11-9
_g4
_lCCODEBUL1
_mBUL
_p13.00
_r0
_sY
_tBOOK
_u2018-1-8
_xTEOLOGIA
_PP85
_0DONACION
_o.STAFF. Colección Teología
_d26581
980 _81
_gALBERTO SANCHEZ Responsable de Automatización